Tensile strength at elevated temperature of glued joints between aluminum and end-grain balsa /

Bibliographic Details
Main Author: Eickner, Herbert W. (Author)
Corporate Author: University of Wisconsin
Format: Government Document eBook
Language:English
Published: Madison, Wisconsin : United States Department of Agriculture, Forest Service, Forest Products Laboratory, 1946.
Series:Report (Forest Products Laboratory (U.S.)) ; no. 1548.
Subjects:
Online Access:https://purl.fdlp.gov/GPO/gpo44187

MARC

Tag First Indicator Second Indicator Subfields
LEADER 00000cam a2200000 i 4500
001 in00003433763
005 20211120172812.0
006 m o d f
007 cr bn|||||||||
008 150120s1946 wiua o f000 0 eng c
035 |a (OCoLC)ocn900477246 
040 |a GPO  |b eng  |e rda  |e pn  |c GPO  |d MvI  |d UtOrBLW 
042 |a pcc 
043 |a n-us--- 
049 |a WWW 
074 |a 9999 (online) 
086 0 |a A 13.27/14:1548 
100 1 |a Eickner, Herbert W.,  |e author. 
245 1 0 |a Tensile strength at elevated temperature of glued joints between aluminum and end-grain balsa /  |c by Herbert W. Eickner. 
264 1 |a Madison, Wisconsin :  |b United States Department of Agriculture, Forest Service, Forest Products Laboratory,  |c 1946. 
300 |a 1 online resource (12 unnumbered pages) :  |b illustrations. 
336 |a text  |b txt  |2 rdacontent 
337 |a computer  |b c  |2 rdamedia 
338 |a online resource  |b cr  |2 rdacarrier 
490 1 |a Report ;  |v no. 1548 
500 |a Title from title screen (viewed Dec. 29, 2014). 
500 |a "September 1946." 
500 |a Publication pre-dates Federal Depository Library Program (FDLP) item numbers. No FDLP item number has been assigned. 
500 |a "This report is one of a series issued in cooperation with the Army-Navy-Civil Committee on Aircraft Design Criteria under the supervision of the Aeronautical Board." 
500 |a "In cooperation with the University of Wisconsin." 
650 0 |a Adhesive joints  |x Effect of temperature on. 
650 0 |a Balsa wood. 
650 0 |a Aluminum. 
710 2 |a Forest Products Laboratory (U.S.),  |e issuing body. 
710 2 |a University of Wisconsin. 
776 0 8 |i Print version:  |a Eickner, Herbert W.  |t Tensile strength at elevated temperatures of glued joints between aluminum and end-grain balsa  |w (OCoLC)236087238 
830 0 |a Report (Forest Products Laboratory (U.S.)) ;  |v no. 1548. 
856 4 0 |u https://purl.fdlp.gov/GPO/gpo44187  |t 0 
999 |a MARS 
999 f f |s f3f4e540-fbbd-32e4-827f-08cf9443cfdc  |i eed1e4fb-df4c-32ab-9d5d-94a8ad45a00b  |t 0 
952 f f |a Texas A&M University  |b College Station  |c Electronic Resources  |d Available Online  |t 0  |e A 13.27/14:1548  |h Superintendent of Documents classification 
998 f f |a A 13.27/14:1548  |t 0  |l Available Online